Los fuegos nuevos

Saved in:
Bibliografiske detaljer
Hovedforfatter: Apollinaire, Guillaume (Author)
Format: Bog
Sprog:spansk
Udgivet: Viña del Mar Catálogo 2015
Udgivelse:1a. ed
Serier:Colección Conjeturas, 4
Fag:
Tags: Tilføj Tag
Ingen Tags, Vær først til at tagge denne postø!

MARC

LEADER 00000cam a2200000 a 4500
001 UCD1971
003 CL-VaPUC
008 160407e20151200cl |||||||||||||||||spa|d
020 |a 9789569720024 
082 0 4 |a 851  |b APO  |2 21 
100 |a Apollinaire, Guillaume  |e author  |9 585161 
245 1 4 |a Los fuegos nuevos 
250 |a 1a. ed 
300 |a 96 h 
942 |c BK 
945 |d 20160407 22:06:00  |a arojas 
260 |a Viña del Mar  |b Catálogo  |c 2015 
650 0 |a Poesías italianas  |9 265352 
650 0 |a Literatura italiana  |9 266970 
583 |a last modification  |c 20160407 22:06:00  |k Rodrigo Vera 
490 0 |a Colección Conjeturas, 4 
999 |c 363179  |d 363177 
952 |0 0  |1 0  |3 erb  |4 0  |6 851_000000000000000_APO_2015  |7 0  |8 A  |9 475033  |a BIBARQ  |b BIBARQ  |i 5269180  |l 1  |o 851 APO 2015  |p 5269180  |r 2025-04-04  |s 2025-03-28  |w 2019-11-24  |y BK  |z Catalogado en:20160407  |k ARQ 
952 |0 0  |1 0  |3 erb  |4 0  |6 851_000000000000000_APO_2015  |7 0  |8 A  |9 475034  |a BIBART  |b BIBART  |i 528855K  |o 851 APO 2015  |p 528855K  |r 2025-03-13  |w 2019-11-24  |y BK  |z Catalogado en:20160526  |k ART 
952 |0 0  |1 0  |3 erb  |4 0  |6 851_000000000000000_APO_2015  |7 0  |8 A  |9 475035  |a BIBART  |b BIBART  |i 5288568  |o 851 APO 2015  |p 5288568  |r 2025-03-13  |w 2019-11-24  |y BK  |z Catalogado en:20160526  |k ART 
952 |0 0  |1 0  |3 erb  |4 0  |6 851_000000000000000_APO_2015  |7 0  |8 A  |9 475036  |a BIBART  |b BIBART  |i 5288576  |o 851 APO 2015  |p 5288576  |r 2025-03-13  |w 2019-11-24  |y BK  |z Catalogado en:20160526  |k ART